000 00626cab a2200217 4500
001 WB3329-44
008 090401t1997 xxu||||| |||| 00| 0 eng d
035 _a(Sirsi) u79832
041 _aeng
245 _aKazakhstan
260 _c1997
350 _a0
490 _aFinancial Times
_vSupplement 23 July 1997, (8) LOAN
520 _aSurvey on Kazakhstan. Covers the economy, political issues, oil industry, finance, privatisation and agriculture.
650 _aEASTERN EUROPE
650 _aFORMER SOVIET UNION
650 _aKAZAKHSTAN
690 _aOVERSEAS-REST OF THE WORLD
942 _n0
948 _c23/07/1997
999 _c50229
_d50229